000 00854nam a2200265 i 4500
001 82078
003 ES-MaACL
005 20230906174602.0
007 t|
008 041122s1997 sp ||||1| spa d
017 _aM 10312-1997
020 _a84-7960-201-5
080 _a82(4-17)-32"19"(082.2)
245 0 0 _aHijas del frío
_b: relatos de escritoras nórdicas /
_cedición de Eva Liévana ... [et al.] ; prólogo de Lourdes Ortiz.
250 _a1ª ed.
260 _aMadrid :
_bLa Torre,
_c1997.
300 _a278 p., XI p. de lám. ;
_c24 cm.
490 1 _aBiblioteca nórdica ;
_v5
650 1 4 _aNovelas europeas-
_yS.XX.
_915638
700 1 _aLiébana, Eva.
_972223
700 0 _aOrtiz, Lourdes,
_d1943-
_987565
830 0 _aBiblioteca nórdica ;
_v5
_9183724
852 _aES-MaACL
_jE-10460
_bR.134578
999 _c82078
_d82078